Industrial Sociology (Record no. 3011)
[ view plain ]
| 000 -LEADER | |
|---|---|
| fixed length control field | 00321nam a22001337a 4500 |
| 008 - FIXED-LENGTH DATA ELEMENTS--GENERAL INFORMATION | |
| fixed length control field | 250415b |||||||| |||| 00| 0 eng d |
| 020 ## - INTERNATIONAL STANDARD BOOK NUMBER | |
| ISBN | 9789351540656 |
| 100 ## - MAIN ENTRY--AUTHOR | |
| Author | MOHAN, Surendra |
| 245 ## - TITLE STATEMENT | |
| Title | Industrial Sociology |
| 260 ## - PUBLICATION, DISTRIBUTION, ETC. (IMPRINT) | |
| Place of publication | India |
| Name of publisher | Venus Books |
| Date of publication | 2015 |
| 300 ## - COLLATION | |
| Pagination | xii, 319p. |
| 942 ## - ADDED ENTRY ELEMENTS (KOHA) | |
| Item type | Books |
| 050 ## - LIBRARY OF CONGRESS CALL NUMBER | |
| Classification number | HD6935 |
| Item number | .M64 |
| Source of classification or shelving scheme | Not for loan | Permanent location | Current location | Date acquired | Accession No. | Full call number | Barcode. | Koha item type |
|---|---|---|---|---|---|---|---|---|
| Library of Congress Classification | Samuel Ogbemudia Main Library, University of Abuja | Samuel Ogbemudia Main Library, University of Abuja | 04/15/2025 | 2018-51695 | HD6935.5.M64 | 2025-1399 | Books | |
| Library of Congress Classification | Samuel Ogbemudia Main Library, University of Abuja | Samuel Ogbemudia Main Library, University of Abuja | 04/15/2025 | 2018-51695 | HD6935.5.M64 | 2025-1400 | Books | |
| Library of Congress Classification | Samuel Ogbemudia Main Library, University of Abuja | Samuel Ogbemudia Main Library, University of Abuja | 04/15/2025 | 2018-51695 | HD6935.5.M64 | 2025-1401 | Books | |
| Library of Congress Classification | Samuel Ogbemudia Main Library, University of Abuja | Samuel Ogbemudia Main Library, University of Abuja | 04/15/2025 | 2018-51695 | HD6935.5.M64 | 2025-1402 | Books | |
| Library of Congress Classification | Samuel Ogbemudia Main Library, University of Abuja | Samuel Ogbemudia Main Library, University of Abuja | 04/15/2025 | 2018-51695 | HD6935.5.M64 | 2025-1403 | Books | |
| Library of Congress Classification | Samuel Ogbemudia Main Library, University of Abuja | Samuel Ogbemudia Main Library, University of Abuja | 04/15/2025 | 2018-51695 | HD6935.5.M64 | 2025-1404 | Books |